Statistics for 5 Largest cities in Libya

Click here to take the quiz!

General Stats

  • This quiz has been taken 62 times
  • The average score is 2 of 5

Answer Stats

Population City % Correct
1,150,989Tripoli
100%
650,629Benghazi
88%
386,120Misratah
13%
201,943Al Khums
8%
210,697Tarhuna
4%

Score Distribution

Percentile by Number Answered

Percent of People with Each Score

Your Score History

You have not taken this quiz